| 000 | 00400nam a2200121Ia 4500 | ||
|---|---|---|---|
| 008 | 230907s9999||||xx |||||||||||||| ||und|| | ||
| 082 |
_a621.04203 _bBEC |
||
| 100 |
_aBeck, Gene. _9115784 |
||
| 245 | 0 | _aDictionary of 21st century energy technologies, financing & sustainability / | |
| 300 | _av, 418 pages ; | ||
| 650 |
_aDictionaries. Dictionaries. Dictionaries. Dictionaries. _9115785 |
||
| 942 | _cBK | ||
| 999 |
_c599546 _d599546 |
||